| 000 | 00655nam a2200217 i 4500 | ||
|---|---|---|---|
| 001 | 47844 | ||
| 003 | ES-MaACL | ||
| 005 | 20230906161638.0 | ||
| 007 | t| | ||
| 008 | 010921s2001 sp ||||0| spa j | ||
| 020 | _a84-8317-250-X | ||
| 040 |
_aM-BN _bspa _cM-BN |
||
| 080 | _a004 | ||
| 245 | 0 | 0 |
_aFundamentos de informática general / _cAgustín Cernuda del Río ... [et al.]. |
| 260 |
_aOviedo : _bUniversidad de Oviedo, Servicio de Publicaciones, _c2001. |
||
| 300 |
_a368 p. : _bil. ; _c24 cm. |
||
| 500 | _aIndice. | ||
| 650 | 1 | 4 |
_aInformática. _913758 |
| 700 | 1 |
_aCernuda del Río, Agustín. _937538 |
|
| 852 |
_aES-MaACL _jL-26358 _bR.132189 |
||
| 999 |
_c47844 _d47844 |
||